Arbitraje tributario interno e internacional /

Detalles Bibliográficos
Autor principal: Brewer Carías, Allan-Randolph (Autor, contributor agent of text.)
Formato: Electrónico eBook
Lenguaje:español
Publicado: Santiago, Chile : Ediciones Olejnik, [2023]
Colección:Biblioteca de derecho tributario (Ediciones Olejnik). Colección Dr. Paulo de Barros Carvalho.
Materias:
Acceso en línea:Digitalia Hispánica

MARC

LEADER 00000nam a2200000Ii 4500
001 DIGOLEJNK1245
003 NyNyDIG
006 m o d
007 cr |||||||||||
008 251105s2023 cl ob 000 0 spa d
035 |a (OCoLC)1553794676 
040 |a DGITA  |b eng  |e rda  |e pn  |c DGITA 
020 |z 9789564071558 
043 |a s-ve--- 
050 1 4 |a KHW2817 ebook 
100 1 |a Brewer Carías, Allan-Randolph,  |e author. 
245 1 0 |a Arbitraje tributario interno e internacional /  |c Luis Fraga Pittaluga ; prólogo, Allan R. Brewer-Carías. 
264 1 |a Santiago, Chile :  |b Ediciones Olejnik,  |c [2023] 
300 |a 1 online resource. 
336 |a text  |b txt  |2 rdacontent 
337 |a computer  |b c  |2 rdamedia 
338 |a online resource  |b cr  |2 rdacarrier 
347 |a text file  |2 rdaft 
347 |b PDF 
490 1 |a Biblioteca de derecho tributario. Colección Dr. Paulo de Barros Carvalho  
504 |a Includes bibliographical references. 
588 0 |a Online resource; title from PDF title page (Digitalia, viewed November 5, 2025) 
650 0 |a Arbitration and award  |z Venezuela. 
650 0 |a Tax protests and appeals  |z Venezuela. 
650 0 |a Arbitration (International law) 
700 1 |a Brewer Carías, Allan-Randolph,  |e contributor agent of text. 
791 2 |a Digitalia (Firm),  |e distributor. 
793 0 |g Digitalia eBook Collection:  |a Ediciones Olejnik 
776 0 8 |i Print version:  |a Brewer Carías, Allan-Randolph.  |t Arbitraje tributario interno e internacional.  |b Primera edición en Ediciones Olejnik.  |d Santiago, Chile : Ediciones Olejnik, 2023  |z 9789564071558 
830 0 |a Biblioteca de derecho tributario (Ediciones Olejnik).  |p Colección Dr. Paulo de Barros Carvalho.  
856 4 0 |3 Digitalia Hispánica  |u https://www.digitaliapublishing.com/a/157751/ 
910 |a Premium collection: 2025